| 000 | 00645nam a2200205 a 4500 | ||
|---|---|---|---|
| 005 | 20260322212033.0 | ||
| 008 | data | ||
| 010 | _a81-083018 | ||
| 020 | _a0913654760 | ||
| 020 | _a9780913654767 | ||
| 096 | _aWY 105 N9747 1981 | ||
| 245 | 1 | 0 |
_aNursing decentralization : _bthe El Camino experience _cJoan Nietz Althaus. |
| 260 |
_aWakefield, Mass. _bNursing Resources _cc1981 |
||
| 300 |
_axii, 215 p. : _b ill. ; _c 25 cm. |
||
| 490 | 0 | _aNursing dimensions administration series ; v. 2, no. 3 | |
| 650 | 4 | _aEl Camino Hospital. | |
| 650 | 0 | 2 |
_aNursing Service, Hospital _xorganization & administration |
| 700 | 1 | _aAlthaus, Joan Nietz. | |
| 001 | data | ||
| 999 |
_c760 _d760 |
||